biotechnology of fermented soybean with yeast saccharomycess ceresiae and its effect on performance of weaned piglets (ជីវបច្ចេកវិទ្យានៃការកែច្នៃសណ្តែកសៀងដោយល្បើងជាមួយមេល្បើង saccharomycess ceresiae និង ឥទ្ធិពលរបស់វាទៅលើការលូតលាស់របស់កូនជ្រូកផ្តាច់ដោះ) (Record no. 1896)
[ view plain ]
| 000 -LEADER | |
|---|---|
| fixed length control field | 00825nam a22001577a 4500 |
| 003 - CONTROL NUMBER IDENTIFIER | |
| control field | OSt |
| 005 - DATE AND TIME OF LATEST TRANSACTION | |
| control field | 20151004150320.0 |
| 008 - FIXED-LENGTH DATA ELEMENTS--GENERAL INFORMATION | |
| fixed length control field | 151004b xxu||||| |||| 00| 0 eng d |
| 040 ## - CATALOGING SOURCE | |
| Transcribing agency | RUA |
| 082 ## - DEWEY DECIMAL CLASSIFICATION NUMBER | |
| Classification number | AVM VAN 2004 B074 Or.1 |
| 100 ## - MAIN ENTRY--PERSONAL NAME | |
| 9 (RLIN) | 2007 |
| Personal name | VANN, SOVATHA. |
| 245 ## - TITLE STATEMENT | |
| Title | biotechnology of fermented soybean with yeast saccharomycess ceresiae and its effect on performance of weaned piglets (ជីវបច្ចេកវិទ្យានៃការកែច្នៃសណ្តែកសៀងដោយល្បើងជាមួយមេល្បើង saccharomycess ceresiae និង ឥទ្ធិពលរបស់វាទៅលើការលូតលាស់របស់កូនជ្រូកផ្តាច់ដោះ) |
| 260 ## - PUBLICATION, DISTRIBUTION, ETC. (IMPRINT) | |
| Place of publication, distribution, etc. | Phnom Penh |
| Name of publisher, distributor, etc. | RUA |
| Date of publication, distribution, etc. | 2004 |
| 300 ## - PHYSICAL DESCRIPTION | |
| Extent | 41p. |
| Other physical details | ill. |
| Dimensions | 29cm. |
| 942 ## - ADDED ENTRY ELEMENTS (KOHA) | |
| Source of classification or shelving scheme | |
| Koha item type | AVM |
| Price effective from | Date last seen | Permanent Location | Not for loan | Date acquired | Source of classification or shelving scheme | Koha item type | Lost status | Withdrawn status | Date last checked out | Total Checkouts | Shelving location | Damaged status | Barcode | Current Location | Full call number |
|---|---|---|---|---|---|---|---|---|---|---|---|---|---|---|---|
| 2015-10-04 | 2015-10-04 | Library Block B | 2015-10-04 | AVM | B074 | RUA009052 | Library Block B | AVM VAN 2004 B074 Or.1 | |||||||
| 2015-10-04 | 2015-10-04 | Library Block B | 2015-10-04 | AVM | B074 | RUA009184 | Library Block B | AVM VAN 2004 B074 Or.2 | |||||||
| 2015-10-04 | 2024-04-23 | Library Block B | 2015-10-04 | AVM | 2024-03-20 | 3 | B074 | RUA020099 | Library Block B | AVM VAN 2004 B074 Or.3 | |||||
| 2015-10-04 | 2018-11-30 | Library Block B | 2015-10-04 | AVM | 2018-11-13 | 1 | B074 | RUA009194 | Library Block B | AVM VAN 2004 B074 Or.4 | |||||
| 2015-10-04 | 2015-10-04 | Library Block B | 2015-10-04 | AVM | B074 | RUA009265 | Library Block B | AVM VAN 2004 B074 Or.5 |